[Event "Hunan Belt and Road Open 2019"]
[Site "Hunan"]
[Date "2019.08.04"]
[Round "7.8"]
[White "Le, Quang Liem"]
[Black "Xu, Yinglun"]
[Result "1/2-1/2"]
[WhiteElo "2713"]
[BlackElo "2562"]
[Annotator "TA"]
[PlyCount "98"]
[EventDate "2019.07.29"]
[EventType "swiss"]
[EventCountry "CHN"]
[SourceTitle "playchess.com"]
[Source "ChessBase"]
[SourceQuality "1"]

{[%evp 20,98,37,20,6,-18,52,46,46,0,0,-19,47,54,59,23,75,60,69,63,83,90,91,92,82,83,83,87,85,74,88,73,86,85,95,88,100,80,112,92,93,87,91,80,92,24,24,24,24,24,23,20,24,24,24,24,24,0,8,-1,2,4,4,0,0,-35,-29,-35,-35,-70,-70,-68,-70,-70,-70,-77,0,-40,0,-86,0]} 1. e4 e6 2. d4 d5 3. Nc3 dxe4 4. Nxe4 Nd7 5. Nf3 Ngf6 6. Nxf6+ Nxf6 7. Ne5 Be7 8. Bd3 c5 9. dxc5 O-O 10. O-O Bxc5 11. Bg5 h6 {C10: French with 3 Nc3: Unusual Black 3rd moves and 3...dxe4} 12. Bf4 $146 ({Predecessor:} 12. Bh4 Qd4 13. Nf3 Qxb2 14. Rb1 Qxa2 15. Bxf6 gxf6 16. Ne5 Qd5 17. Qg4+ Kh8 18. Qh4 Kg7 {½-½ (18) Deviatkin,A (2410)-Popov,V (2534) St Petersburg 2000}) 12... Nd5 ({Better is} 12... Qd4 $11 13. Qf3 Nd5) 13. Bg3 $1 $14 Nb4 {White is slightly better.} 14. Qe2 Nxd3 15. Rad1 {[%cal Ba1d1,Bd1d3,Bd3b3][%mdl 96] [#] Pin} Qa5 (15... Nc1 $1 $11 {[%mdl 512]} 16. Rxc1 f6) 16. Rxd3 f6 17. a3 $36 {[%mdl 2048] Threatens to win with b4. Black is under pressure.} fxe5 (17... Qa4 $11 {keeps the balance.}) 18. b4 $16 {[%mdl 64] Double Attack} Qa4 {And now ...Be7 would win.} 19. bxc5 Bd7 {[#]} 20. Rb3 $1 ({Of course not} 20. Bxe5 $6 Bb5 $11) 20... Bc6 21. Bxe5 Qe4 22. Qxe4 Bxe4 23. Re1 Bc6 24. h4 Rf7 25. c4 Re8 26. Rd3 Kh7 27. Ree3 g6 28. Rd6 h5 29. f3 Kg8 30. Kh2 Rf5 31. Rd4 Re7 32. Bb8 (32. Kg3 $16) 32... Re8 $1 $11 {[%cal Re8b8]} 33. Bxa7 e5 34. Rd6 Kf7 35. Kg3 Ra8 36. Bb6 Ra4 37. Rc3 Rf4 38. Re3 Rf5 $1 39. Rd5 Ke6 40. Rd8 Rxc4 41. Rh8 e4 42. Rh6 Kf7 43. Rh7+ Kg8 44. Rc7 exf3 45. gxf3 Rcf4 $1 {[%cal Rf4f3]} 46. Rc8+ Kf7 {[%cal Rf4f3][%mdl 1024] Black has compensation.} 47. Rc7+ Kg8 {[%cal Rf4f3]} 48. Rc8+ Kf7 49. Rc7+ Kg8 {Accuracy: White = 55%, Black = 65%.} (49... Kf6 $17 50. Kf2 Rxf3+ 51. Rxf3 Rxf3+ 52. Ke2 Rxa3) 1/2-1/2

[Event "Hunan Belt and Road Open 2019"]
[Site "Hunan"]
[Date "2019.08.04"]
[Round "7.9"]
[White "Xu, Xiangyu"]
[Black "Naiditsch, Arkadij"]
[Result "1/2-1/2"]
[WhiteElo "2585"]
[BlackElo "2681"]
[Annotator "TA"]
[PlyCount "56"]
[EventDate "2019.07.29"]
[EventType "swiss"]
[EventCountry "CHN"]
[SourceTitle "playchess.com"]
[Source "ChessBase"]
[SourceQuality "1"]

{[%evp 19,56,5,37,42,41,38,31,39,46,39,42,41,50,53,42,39,36,34,24,0,0,0,11,6,6,0,22,27,16,12,22,8,25,19,20,12,9,9,12]} 1. e4 e5 2. Nf3 Nc6 3. d4 exd4 4. Nxd4 Nf6 5. Nxc6 bxc6 6. e5 Qe7 7. Qe2 Nd5 8. c4 Nb6 9. Nc3 Qe6 10. Qe4 Bb4 ({Predecessor:} 10... Ba6 11. b3 Bb4 {½-½ (21) Kislik,E (2368)-Arngrimsson,D (2381) Budapest 2013}) 11. Bd2 {C45: Scotch Game} Ba6 {[%cal Ra6c4]} 12. b3 Bxc3 13. Bxc3 {White is slightly better.} d5 14. Qh4 dxc4 15. Be2 Nd5 16. Bxc4 g5 17. Qd4 Bxc4 18. Qxc4 ({Reject} 18. bxc4 Nf4 $17) 18... O-O-O $146 (18... Nf4 19. Qxe6+ fxe6 {½-½ (32) Tari,A (2620)-Bocharov,I (2563) St Petersburg 2018}) 19. O-O-O Nxc3 20. Qxc3 Rd5 (20... Rhe8 {seems wilder.} 21. Rxd8+ Rxd8 22. f3 Qd5 23. Kb1 Kb7) 21. Rxd5 cxd5 $11 {[%mdl 4096] Endgame KQR-KQR} 22. Qe3 Qb6 23. Rd1 Rd8 24. Qxb6 axb6 25. Rd3 d4 26. Rf3 Rd5 {The position is equal.} 27. Rxf7 Rxe5 28. Kd2 h5 {Accuracy: White = 71%, Black = 67%.} 1/2-1/2

[Event "Hunan Belt and Road Open 2019"]
[Site "Hunan"]
[Date "2019.08.04"]
[Round "7.10"]
[White "Dai, Changren"]
[Black "Parligras, Mircea-Emilian"]
[Result "0-1"]
[WhiteElo "2510"]
[BlackElo "2638"]
[Annotator "ChessBase"]
[PlyCount "74"]
[EventDate "2019.07.29"]
[EventType "swiss"]
[EventCountry "CHN"]
[SourceTitle "playchess.com"]
[Source "ChessBase"]
[SourceQuality "1"]
[TimeControl "5400+30"]

1. e4 {[%emt 0:00:00]} c5 {[%emt 0:00:00]} 2. Nf3 {[%emt 0:00:08]} d6 {[%emt 0:00:00]} 3. d4 {[%emt 0:00:34]} cxd4 {[%emt 0:00:08]} 4. Nxd4 {[%emt 0:00:04]} Nf6 {[%emt 0:00:10]} 5. Nc3 {[%emt 0:00:04]} a6 {[%emt 0:00:19]} 6. h3 {[%emt 0:00:45]} e6 {[%emt 0:00:18]} 7. g4 {[%emt 0:00:03]} Nfd7 {[%emt 0:00:16]} 8. Bg2 {[%emt 0:00:46]} Be7 {[%emt 0:00:44]} 9. g5 {[%emt 0:00:09]} O-O {[%emt 0:01:36]} 10. h4 {[%emt 0:00:26]} b5 {[%emt 0:00:42]} 11. e5 {[%emt 0:00:48]} d5 {[%emt 0:00:51]} 12. f4 {[%emt 0:00:07]} Bb7 {[%emt 0:15:06]} 13. O-O {[%emt 0:00:36]} Nc6 {[%emt 0:01:19]} 14. Be3 {[%emt 0:02:02]} Nxd4 {[%emt 0:03:56]} 15. Bxd4 {[%emt 0:00:06]} b4 {[%emt 0:04:11]} 16. Ne2 {[%emt 0:00:16]} Rc8 {[%emt 0:00:58]} 17. Rf2 {[%emt 0:13:50]} Nc5 {[%emt 0:06:34]} 18. Ng3 {[%emt 0:07:09]} g6 {[%emt 0:07:26]} 19. Qe1 {[%emt 0:06:21]} a5 {[%emt 0:02:13]} 20. Rd1 {[%emt 0:02:14]} Qc7 {[%emt 0:00:17]} 21. Qe3 {[%emt 0:04:26]} Rfd8 {[%emt 0:02:16]} 22. Rfd2 {[%emt 0:08:58]} Qc6 {[%emt 0:02:58]} 23. Bf1 {[%emt 0:04:09]} Ne4 {[%emt 0:01:14]} 24. Rh2 {[%emt 0:08:40]} Bc5 {[%emt 0:12:08]} 25. h5 {[%emt 0:06:13]} Bxd4 {[%emt 0:05:41]} 26. Rxd4 {[%emt 0:00:07]} Nxg3 {[%emt 0:00:12]} 27. Qxg3 {[%emt 0:00:04]} Qb6 {[%emt 0:00:37]} 28. Qe3 {[%emt 0:01:08]} Ba6 {[%emt 0:02:11]} 29. Bxa6 {[%emt 0:10:20]} Qxa6 {[%emt 0:00:04]} 30. hxg6 {[%emt 0:09:02]} fxg6 {[%emt 0:00:05]} 31. f5 {[%emt 0:01:21]} exf5 {[%emt 0:00:53]} 32. e6 {[%emt 0:00:17]} Re8 {[%emt 0:05:37]} 33. e7 {[%emt 0:05:46]} Qd6 {[%emt 0:00:33]} 34. Re2 {[%emt 0:02:30]} Rc7 {[%emt 0:00:23]} 35. Qb3 {[%emt 0:02:07]} Rd7 {[%emt 0:01:13]} 36. Kf1 {[%emt 0:01:04]} Kg7 {[%emt 0:01:48]} 37. c4 {[%emt 0:00:56]} Rdxe7 {[%emt 0:01:05]} 0-1

[Event "Hunan Belt and Road Open 2019"]
[Site "Hunan"]
[Date "2019.08.04"]
[Round "7.11"]
[White "Tan, Zhongyi"]
[Black "Sethuraman, S.P."]
[Result "0-1"]
[WhiteElo "2511"]
[BlackElo "2630"]
[Annotator "ChessBase"]
[PlyCount "78"]
[EventDate "2019.07.29"]
[EventType "swiss"]
[EventCountry "CHN"]
[SourceTitle "playchess.com"]
[Source "ChessBase"]
[SourceQuality "1"]
[TimeControl "5400+30"]

1. d4 {[%emt 0:00:00]} d6 {[%emt 0:00:00]} 2. Nf3 {[%emt 0:00:41]} g6 {[%emt 0:00:00]} 3. g3 {[%emt 0:04:01]} Bg7 {[%emt 0:00:01]} 4. Bg2 {[%emt 0:00:04]} Nf6 {[%emt 0:00:17]} 5. O-O {[%emt 0:00:10]} O-O {[%emt 0:00:06]} 6. c4 {[%emt 0:00:02]} Nc6 {[%emt 0:00:08]} 7. Nc3 {[%emt 0:00:08]} e5 {[%emt 0:00:06]} 8. d5 {[%emt 0:02:13]} Nb8 {[%emt 0:00:15]} 9. e4 {[%emt 0:00:32]} a5 {[%emt 0:00:06]} 10. Ne1 {[%emt 0:00:36]} Na6 {[%emt 0:00:07]} 11. Nd3 {[%emt 0:00:08]} Nd7 {[%emt 0:01:33]} 12. a3 {[%emt 0:03:37]} Nac5 {[%emt 0:02:07]} 13. Be3 {[%emt 0:07:30]} b6 {[%emt 0:00:52]} 14. Qc2 {[%emt 0:01:36]} f5 {[%emt 0:04:20]} 15. f3 {[%emt 0:02:14]} f4 {[%emt 0:09:41]} 16. Bf2 {[%emt 0:00:11]} Nxd3 {[%emt 0:01:38]} 17. Qxd3 {[%emt 0:00:05]} a4 {[%emt 0:00:17]} 18. Qc2 {[%emt 0:05:08]} Nc5 {[%emt 0:00:25]} 19. Bxc5 {[%emt 0:17:00]} bxc5 {[%emt 0:00:44]} 20. Nxa4 {[%emt 0:00:03]} fxg3 {[%emt 0:04:20]} 21. hxg3 {[%emt 0:00:04]} Qg5 {[%emt 0:01:09]} 22. Kf2 {[%emt 0:00:05]} h5 {[%emt 0:03:49]} 23. Nc3 {[%emt 0:00:06]} Bh6 {[%emt 0:13:12]} 24. Rae1 {[%emt 0:00:18]} Rb8 {[%emt 0:10:40]} 25. Nb5 {[%emt 0:00:16]} Rf7 {[%emt 0:00:29]} 26. a4 {[%emt 0:02:02]} Kg7 {[%emt 0:05:47]} 27. b3 {[%emt 0:00:13]} Bb7 {[%emt 0:09:34]} 28. Qc3 {[%emt 0:01:56]} Rbf8 {[%emt 0:02:29]} 29. f4 {[%emt 0:06:45]} Kg8 {[%emt 0:07:01]} 30. Kg1 {[%emt 0:08:36]} exf4 {[%emt 0:00:05]} 31. gxf4 {[%emt 0:00:12]} Rxf4 {[%emt 0:02:26]} 32. Rxf4 {[%emt 0:03:48]} Rxf4 {[%emt 0:00:18]} 33. Qh3 {[%emt 0:11:15]} Bg7 {[%emt 0:01:51]} 34. Rf1 {[%emt 0:15:05]} Rxe4 {[%emt 0:01:06]} 35. Qd7 {[%emt 0:00:51]} Re7 {[%emt 0:02:01]} 36. Qd8+ {[%emt 0:01:58]} Kh7 {[%emt 0:00:18]} 37. Kh1 {[%emt 0:01:52]} Ba6 {[%emt 0:00:56]} 38. Bh3 {[%emt 0:02:19]} Qh4 {[%emt 0:00:14]} 39. Kg1 {[%emt 0:00:04]} Qg3+ {[%emt 0:00:47]} 0-1

[Event "Hunan Belt and Road Open 2019"]
[Site "Hunan"]
[Date "2019.08.04"]
[Round "7.12"]
[White "Khademalsharieh, Sarasadat"]
[Black "Deac, Bogdan-Daniel"]
[Result "1/2-1/2"]
[WhiteElo "2481"]
[BlackElo "2621"]
[Annotator "ChessBase"]
[PlyCount "41"]
[EventDate "2019.07.29"]
[EventType "swiss"]
[EventCountry "CHN"]
[SourceTitle "playchess.com"]
[Source "ChessBase"]
[SourceQuality "1"]
[TimeControl "5400+30"]

1. d4 {[%emt 0:00:00]} Nf6 {[%emt 0:00:00]} 2. c4 {[%emt 0:00:00]} g6 {[%emt 0:00:00]} 3. g3 {[%emt 0:00:00]} Bg7 {[%emt 0:00:28]} 4. Bg2 {[%emt 0:00:00]} O-O {[%emt 0:00:04]} 5. Nc3 {[%emt 0:00:08]} Nc6 {[%emt 0:00:03]} 6. Nf3 {[%emt 0:02:18]} d5 {[%emt 0:00:10]} 7. cxd5 {[%emt 0:00:05]} Nxd5 {[%emt 0:00:07]} 8. O-O {[%emt 0:00:07]} e5 {[%emt 0:00:03]} 9. Nxd5 {[%emt 0:00:23]} e4 {[%emt 0:00:07]} 10. Ne5 {[%emt 0:03:59]} Qxd5 {[%emt 0:00:07]} 11. Nxc6 {[%emt 0:00:06]} Qxc6 {[%emt 0:00:12]} 12. Bf4 {[%emt 0:04:27]} Bg4 {[%emt 0:10:48]} 13. h3 {[%emt 0:03:02]} Be6 {[%emt 0:00:23]} 14. Rc1 {[%emt 0:00:48]} Qd5 {[%emt 0:07:01]} 15. Rxc7 {[%emt 0:02:25]} Bxd4 {[%emt 0:07:47]} 16. Qc2 {[%emt 0:01:05]} Rac8 {[%emt 0:04:44]} 17. Qxe4 {[%emt 0:04:16]} Qxe4 {[%emt 0:00:24]} 18. Bxe4 {[%emt 0:00:10]} Rxc7 {[%emt 0:00:00]} 19. Bxc7 {[%emt 0:00:13]} Rc8 {[%emt 0:00:00]} 20. Bf4 {[%emt 0:02:10]} b6 {[%emt 0:01:19]} 21. b3 {[%emt 0:09:04]} 1/2-1/2

[Event "Hunan Belt and Road Open 2019"]
[Site "Hunan"]
[Date "2019.08.04"]
[Round "7.13"]
[White "Bilguun, Sumiya"]
[Black "Narayanan.S.L"]
[Result "1/2-1/2"]
[WhiteElo "2482"]
[BlackElo "2616"]
[Annotator "ChessBase"]
[PlyCount "155"]
[EventDate "2019.07.29"]
[EventType "swiss"]
[EventCountry "CHN"]
[SourceTitle "playchess.com"]
[Source "ChessBase"]
[SourceQuality "1"]
[TimeControl "5400+30"]

1. e4 {[%emt 0:00:00]} c5 {[%emt 0:00:00]} 2. Nf3 {[%emt 0:00:00]} d6 {[%emt 0:00:00]} 3. d4 {[%emt 0:00:00]} cxd4 {[%emt 0:00:00]} 4. Nxd4 {[%emt 0:00:06]} Nf6 {[%emt 0:00:00]} 5. Nc3 {[%emt 0:00:18]} a6 {[%emt 0:00:00]} 6. Be2 {[%emt 0:00:17]} e5 {[%emt 0:00:00]} 7. Nb3 {[%emt 0:00:07]} Be7 {[%emt 0:00:03]} 8. Be3 {[%emt 0:00:11]} Be6 {[%emt 0:00:05]} 9. Bf3 {[%emt 0:00:40]} O-O {[%emt 0:00:05]} 10. O-O {[%emt 0:00:17]} Qc7 {[%emt 0:00:05]} 11. a4 {[%emt 0:00:23]} Rc8 {[%emt 0:00:03]} 12. a5 {[%emt 0:02:40]} Nbd7 {[%emt 0:00:08]} 13. Re1 {[%emt 0:07:11]} h6 {[%emt 0:00:06]} 14. Re2 {[%emt 0:03:04]} b5 {[%emt 0:00:44]} 15. axb6 {[%emt 0:01:51]} Nxb6 {[%emt 0:00:06]} 16. Na5 {[%emt 0:01:04]} Nc4 {[%emt 0:00:07]} 17. Nxc4 {[%emt 0:00:26]} Bxc4 {[%emt 0:00:06]} 18. Rd2 {[%emt 0:01:53]} Rab8 {[%emt 0:00:14]} 19. Rb1 {[%emt 0:10:14]} a5 {[%emt 0:01:51]} 20. h3 {[%emt 0:03:17]} Rb4 {[%emt 0:06:42]} 21. b3 {[%emt 0:21:07]} Ba6 {[%emt 0:08:57]} 22. Nd5 {[%emt 0:08:39]} Nxd5 {[%emt 0:00:07]} 23. Rxd5 {[%emt 0:00:28]} Qxc2 {[%emt 0:23:26]} 24. Qxc2 {[%emt 0:00:54]} Rxc2 {[%emt 0:00:06]} 25. Rxa5 {[%emt 0:00:31]} Bd3 {[%emt 0:07:28]} 26. Ra8+ {[%emt 0:03:36]} Bf8 {[%emt 0:09:41]} 27. Rd8 {[%emt 0:15:53]} Rc8 {[%emt 0:00:40]} 28. Rxc8 {[%emt 0:00:14]} Bxb1 {[%emt 0:00:04]} 29. Bc1 {[%emt 0:09:43]} Rxb3 {[%emt 0:02:05]} 30. Bd1 {[%emt 0:02:01]} Rb6 {[%emt 0:01:24]} 31. Bc2 {[%emt 0:04:34]} Bxc2 {[%emt 0:01:32]} 32. Rxc2 {[%emt 0:00:01]} Rb7 {[%emt 0:02:49]} 33. Rc8 {[%emt 0:01:01]} f6 {[%emt 0:00:06]} 34. Kf1 {[%emt 0:01:48]} Kf7 {[%emt 0:00:07]} 35. Ke2 {[%emt 0:00:04]} h5 {[%emt 0:00:38]} 36. g4 {[%emt 0:00:16]} h4 {[%emt 0:01:40]} 37. Be3 {[%emt 0:01:31]} Rd7 {[%emt 0:04:51]} 38. g5 {[%emt 0:00:41]} Be7 {[%emt 0:01:02]} 39. gxf6 {[%emt 0:00:12]} gxf6 {[%emt 0:01:35]} 40. Rh8 {[%emt 0:00:35]} d5 {[%emt 0:03:17]} 41. exd5 {[%emt 0:00:10]} f5 {[%emt 0:00:18]} 42. Rh7+ {[%emt 0:02:00]} Kg6 {[%emt 0:01:23]} 43. Rh6+ {[%emt 0:00:09]} Kg7 {[%emt 0:00:02]} 44. d6 {[%emt 0:00:24]} Bf6 {[%emt 0:00:27]} 45. Rh5 {[%emt 0:01:23]} f4 {[%emt 0:00:35]} 46. Bxf4 {[%emt 0:00:06]} exf4 {[%emt 0:00:05]} 47. Rf5 {[%emt 0:00:13]} Rxd6 {[%emt 0:00:08]} 48. Rxf4 {[%emt 0:00:03]} Kg6 {[%emt 0:00:19]} 49. Rf3 {[%emt 0:00:28]} Be5 {[%emt 0:01:36]} 50. Kf1 {[%emt 0:00:18]} Kg5 {[%emt 0:00:03]} 51. Kg2 {[%emt 0:00:11]} Bf4 {[%emt 0:00:16]} 52. Ra3 {[%emt 0:00:13]} Kf5 {[%emt 0:00:28]} 53. Ra5+ {[%emt 0:00:21]} Be5 {[%emt 0:00:11]} 54. Ra4 {[%emt 0:00:49]} Bf6 {[%emt 0:00:09]} 55. Kf3 {[%emt 0:01:02]} Rd3+ {[%emt 0:00:18]} 56. Kg2 {[%emt 0:00:06]} Rd2 {[%emt 0:01:27]} 57. Ra3 {[%emt 0:00:13]} Bd4 {[%emt 0:00:25]} 58. Rf3+ {[%emt 0:00:15]} Ke4 {[%emt 0:00:03]} 59. Rf7 {[%emt 0:00:25]} Ra2 {[%emt 0:00:04]} 60. Re7+ {[%emt 0:01:18]} Kd3 {[%emt 0:03:09]} 61. Rf7 {[%emt 0:00:14]} Ra6 {[%emt 0:01:52]} 62. Rf4 {[%emt 0:00:57]} Rg6+ {[%emt 0:03:33]} 63. Kf1 {[%emt 0:00:49]} Rg8 {[%emt 0:00:49]} 64. Rf7 {[%emt 0:00:34]} Ke4 {[%emt 0:00:57]} 65. Re7+ {[%emt 0:00:29]} Be5 {[%emt 0:00:20]} 66. Rf7 {[%emt 0:00:49]} Rg6 {[%emt 0:01:00]} 67. Rh7 {[%emt 0:00:53]} Bf6 {[%emt 0:03:19]} 68. Rb7 {[%emt 0:00:09]} Rg8 {[%emt 0:01:05]} 69. Rf7 {[%emt 0:00:11]} Be5 {[%emt 0:01:27]} 70. Rh7 {[%emt 0:00:07]} Bh2 {[%emt 0:04:46]} 71. Ke2 {[%emt 0:00:24]} Ra8 {[%emt 0:00:28]} 72. Rb7 {[%emt 0:00:51]} Be5 {[%emt 0:03:14]} 73. Kf1 {[%emt 0:00:08]} Rf8 {[%emt 0:00:09]} 74. Re7 {[%emt 0:00:19]} Rf5 {[%emt 0:00:18]} 75. Ke2 {[%emt 0:00:32]} Rf8 {[%emt 0:00:44]} 76. Kf1 {[%emt 0:00:12]} Kf4 {[%emt 0:00:29]} 77. Rd7 {[%emt 0:00:26]} Ke4 {[%emt 0:01:21]} 78. Re7 {[%emt 0:00:08]} 1/2-1/2

[Event "Hunan Belt and Road Open 2019"]
[Site "Hunan"]
[Date "2019.08.04"]
[Round "7.14"]
[White "Zhou, Jianchao"]
[Black "Lagno, Kateryna"]
[Result "1/2-1/2"]
[WhiteElo "2608"]
[BlackElo "2549"]
[Annotator "ChessBase"]
[PlyCount "124"]
[EventDate "2019.07.29"]
[EventType "swiss"]
[EventCountry "CHN"]
[SourceTitle "playchess.com"]
[Source "ChessBase"]
[SourceQuality "1"]
[TimeControl "5400+30"]

1. d4 {[%emt 0:00:00]} d5 {[%emt 0:02:32]} 2. Bf4 {[%emt 0:02:17]} Nf6 {[%emt 0:01:44]} 3. e3 {[%emt 0:00:49]} c5 {[%emt 0:02:10]} 4. dxc5 {[%emt 0:00:39]} Qa5+ {[%emt 0:02:57]} 5. Nd2 {[%emt 0:02:03]} Nc6 {[%emt 0:02:51]} 6. Ngf3 {[%emt 0:03:40]} Qxc5 {[%emt 0:01:17]} 7. a3 {[%emt 0:08:09]} Qb6 {[%emt 0:03:43]} 8. b4 {[%emt 0:03:13]} g6 {[%emt 0:03:28]} 9. c4 {[%emt 0:00:58]} Bg7 {[%emt 0:00:48]} 10. Rc1 {[%emt 0:07:34]} dxc4 {[%emt 0:10:22]} 11. Bxc4 {[%emt 0:06:47]} Nh5 {[%emt 0:16:21]} 12. Qb3 {[%emt 0:16:35]} O-O {[%emt 0:00:56]} 13. Bxf7+ {[%emt 0:08:53]} Rxf7 {[%emt 0:01:27]} 14. Ng5 {[%emt 0:01:20]} e6 {[%emt 0:04:30]} 15. Nc4 {[%emt 0:04:16]} Qd8 {[%emt 0:06:20]} 16. Nxf7 {[%emt 0:00:20]} Kxf7 {[%emt 0:00:06]} 17. Nd6+ {[%emt 0:03:54]} Kg8 {[%emt 0:08:48]} 18. Nxc8 {[%emt 0:01:59]} Nxf4 {[%emt 0:00:44]} 19. exf4 {[%emt 0:02:46]} Rxc8 {[%emt 0:00:31]} 20. Qxe6+ {[%emt 0:00:21]} Kh8 {[%emt 0:00:04]} 21. O-O {[%emt 0:02:13]} Qf8 {[%emt 0:00:29]} 22. Rfe1 {[%emt 0:03:20]} Rd8 {[%emt 0:00:34]} 23. Rc4 {[%emt 0:09:11]} a6 {[%emt 0:05:02]} 24. h4 {[%emt 0:01:19]} Bf6 {[%emt 0:07:28]} 25. g3 {[%emt 0:04:57]} Nd4 {[%emt 0:00:12]} 26. Qe4 {[%emt 0:00:07]} Qf7 {[%emt 0:00:17]} 27. Rec1 {[%emt 0:00:54]} Rd7 {[%emt 0:01:51]} 28. Rc8+ {[%emt 0:00:53]} Kg7 {[%emt 0:00:03]} 29. Qe8 {[%emt 0:02:27]} Nc6 {[%emt 0:05:17]} 30. Qxf7+ {[%emt 0:01:11]} Kxf7 {[%emt 0:00:03]} 31. Rb1 {[%emt 0:01:18]} Na7 {[%emt 0:02:21]} 32. Rcc1 {[%emt 0:00:55]} Nb5 {[%emt 0:00:12]} 33. Rb3 {[%emt 0:00:06]} h5 {[%emt 0:04:28]} 34. Kg2 {[%emt 0:00:18]} Rd2 {[%emt 0:00:50]} 35. a4 {[%emt 0:00:14]} Nd6 {[%emt 0:00:02]} 36. Rc7+ {[%emt 0:01:12]} Kf8 {[%emt 0:02:33]} 37. Re3 {[%emt 0:00:47]} Bd4 {[%emt 0:00:27]} 38. Re6 {[%emt 0:00:04]} Nf5 {[%emt 0:02:11]} 39. Rxg6 {[%emt 0:00:30]} Rxf2+ {[%emt 0:00:08]} 40. Kh3 {[%emt 0:00:16]} Rf1 {[%emt 0:00:08]} 41. Rc2 {[%emt 0:01:11]} Ne3 {[%emt 0:00:56]} 42. Re2 {[%emt 0:00:27]} Rh1+ {[%emt 0:01:59]} 43. Rh2 {[%emt 0:00:02]} Rb1 {[%emt 0:00:03]} 44. b5 {[%emt 0:00:25]} axb5 {[%emt 0:00:07]} 45. axb5 {[%emt 0:00:04]} Rxb5 {[%emt 0:01:12]} 46. Rg5 {[%emt 0:00:33]} Rc5 {[%emt 0:00:32]} 47. Rd2 {[%emt 0:00:20]} Rc1 {[%emt 0:00:37]} 48. Rxh5 {[%emt 0:00:07]} Rh1+ {[%emt 0:00:30]} 49. Rh2 {[%emt 0:00:02]} Rb1 {[%emt 0:00:05]} 50. Rh7 {[%emt 0:01:16]} Bg7 {[%emt 0:00:35]} 51. Rh5 {[%emt 0:01:44]} b5 {[%emt 0:00:07]} 52. Rc5 {[%emt 0:00:22]} b4 {[%emt 0:00:00]} 53. Rb5 {[%emt 0:00:31]} b3 {[%emt 0:00:09]} 54. h5 {[%emt 0:00:07]} Kg8 {[%emt 0:00:54]} 55. Rb8+ {[%emt 0:00:25]} Kh7 {[%emt 0:00:13]} 56. Rb7 {[%emt 0:00:12]} Kg8 {[%emt 0:00:18]} 57. Rb8+ {[%emt 0:01:21]} Kh7 {[%emt 0:00:03]} 58. Rb7 {[%emt 0:00:32]} Kg8 {[%emt 0:00:01]} 59. g4 {[%emt 0:00:21]} b2 {[%emt 0:00:18]} 60. h6 {[%emt 0:00:33]} Bxh6 {[%emt 0:00:12]} 61. Rhxb2 {[%emt 0:00:36]} Rxb2 {[%emt 0:00:10]} 62. Rxb2 {[%emt 0:00:01]} Bxf4 {[%emt 0:00:03]} 1/2-1/2

[Event "Hunan Belt and Road Open 2019"]
[Site "Hunan"]
[Date "2019.08.04"]
[Round "7.15"]
[White "Oleksiyenko, Mykhaylo"]
[Black "Batchuluun, Tsegmed"]
[Result "1/2-1/2"]
[WhiteElo "2600"]
[BlackElo "2535"]
[Annotator "ChessBase"]
[PlyCount "88"]
[EventDate "2019.07.29"]
[EventType "swiss"]
[EventCountry "CHN"]
[SourceTitle "playchess.com"]
[Source "ChessBase"]
[SourceQuality "1"]
[TimeControl "5400+30"]

1. e4 {[%emt 0:00:00]} e5 {[%emt 0:00:00]} 2. Nf3 {[%emt 0:00:00]} Nc6 {[%emt 0:00:00]} 3. Bc4 {[%emt 0:00:00]} Bc5 {[%emt 0:00:00]} 4. c3 {[%emt 0:00:00]} Nf6 {[%emt 0:00:02]} 5. d4 {[%emt 0:00:12]} exd4 {[%emt 0:00:35]} 6. e5 {[%emt 0:00:13]} d5 {[%emt 0:00:31]} 7. Bb5 {[%emt 0:00:10]} Ne4 {[%emt 0:00:10]} 8. cxd4 {[%emt 0:00:02]} Bb6 {[%emt 0:00:06]} 9. Nc3 {[%emt 0:00:10]} O-O {[%emt 0:00:12]} 10. Be3 {[%emt 0:00:03]} Bg4 {[%emt 0:00:08]} 11. h3 {[%emt 0:00:24]} Bh5 {[%emt 0:00:05]} 12. Qc2 {[%emt 0:00:39]} Nxc3 {[%emt 0:00:52]} 13. bxc3 {[%emt 0:02:40]} f6 {[%emt 0:01:50]} 14. exf6 {[%emt 0:00:21]} Qxf6 {[%emt 0:00:10]} 15. Be2 {[%emt 0:00:12]} Rae8 {[%emt 0:01:01]} 16. O-O {[%emt 0:00:21]} Na5 {[%emt 0:02:59]} 17. Ne5 {[%emt 0:02:30]} Bxe2 {[%emt 0:00:18]} 18. Qxe2 {[%emt 0:00:03]} Qe6 {[%emt 0:03:21]} 19. Rae1 {[%emt 0:00:46]} c6 {[%emt 0:02:38]} 20. f4 {[%emt 0:02:01]} Nc4 {[%emt 0:00:58]} 21. Qc2 {[%emt 0:16:00]} Bc7 {[%emt 0:29:17]} 22. Bc1 {[%emt 0:05:59]} Qd6 {[%emt 0:06:54]} 23. Kh1 {[%emt 0:08:35]} b5 {[%emt 0:02:11]} 24. a4 {[%emt 0:03:28]} a6 {[%emt 0:03:30]} 25. Qa2 {[%emt 0:06:49]} Qe6 {[%emt 0:04:10]} 26. Ba3 {[%emt 0:03:06]} Nxa3 {[%emt 0:06:34]} 27. Qxa3 {[%emt 0:00:05]} Bd6 {[%emt 0:00:18]} 28. Qa1 {[%emt 0:02:08]} Bxe5 {[%emt 0:00:36]} 29. Rxe5 {[%emt 0:07:42]} Qd7 {[%emt 0:04:29]} 30. axb5 {[%emt 0:06:31]} axb5 {[%emt 0:00:06]} 31. Qa3 {[%emt 0:02:25]} Rxe5 {[%emt 0:09:07]} 32. dxe5 {[%emt 0:00:04]} g5 {[%emt 0:00:24]} 33. Re1 {[%emt 0:04:21]} Rxf4 {[%emt 0:00:53]} 34. e6 {[%emt 0:00:58]} Qe8 {[%emt 0:00:04]} 35. e7 {[%emt 0:11:24]} Re4 {[%emt 0:03:01]} 36. Rxe4 {[%emt 0:00:15]} dxe4 {[%emt 0:00:05]} 37. Qa2+ {[%emt 0:00:08]} Kg7 {[%emt 0:00:08]} 38. Qe6 {[%emt 0:00:03]} e3 {[%emt 0:00:58]} 39. Qxe3 {[%emt 0:02:32]} Kf6 {[%emt 0:00:07]} 40. Qe4 {[%emt 0:00:44]} Qxe7 {[%emt 0:13:14]} 41. Qxc6+ {[%emt 0:00:04]} Qe6 {[%emt 0:00:04]} 42. Qxb5 {[%emt 0:00:04]} Qe1+ {[%emt 0:00:04]} 43. Kh2 {[%emt 0:00:02]} Qxc3 {[%emt 0:00:05]} 44. Qb6+ {[%emt 0:00:04]} Ke5 {[%emt 0:00:17]} 1/2-1/2